Modelos económicos y financieros con Excel 2007
Shranjeno v:
| Main Authors: | , |
|---|---|
| Format: | Knjiga |
| Jezik: | španščina |
| Izdano: |
Madrid
Anaya
2008
|
| Izdaja: | 1a. ed |
| Serija: | Guía Práctica
|
| Teme: | |
| Oznake: |
Označite
Brez oznak, prvi označite!
|
MARC
| LEADER | 00000cam a2200000 a 4500 | ||
|---|---|---|---|
| 001 | UCE7793 | ||
| 003 | CL-VaPUC | ||
| 008 | 150703e20080000sp |||||||||||||||||spa|d | ||
| 020 | |a 9788441523241 | ||
| 082 | 0 | 4 | |a 005.369 |b MOR |2 21 |
| 100 | |a Moreno Bonilla, Fernando |e autor |9 580514 | ||
| 700 | 0 | |a Cano Rodríguez, Manuel |e author |9 580515 | |
| 245 | 1 | 0 | |a Modelos económicos y financieros con Excel 2007 |
| 250 | |a 1a. ed | ||
| 300 | |a 368 p | ||
| 942 | |c BK | ||
| 945 | |d 20150703 10:05:00 |a gsalatino | ||
| 260 | |a Madrid |b Anaya |c 2008 | ||
| 650 | 7 | |a PROGRAMAS PARA COMPUTADOR |2 CL-VaPUC |9 580516 | |
| 650 | 7 | |a EXCEL |2 CL-VaPUC |9 397885 | |
| 650 | 0 | |a Proceso de datos |9 259776 | |
| 650 | 0 | |a Software |9 387312 | |
| 583 | |a last modification |c 20150703 10:05:00 |k Rodrigo Vera | ||
| 490 | 0 | |a Guía Práctica | |
| 999 | |c 359817 |d 359815 | ||
| 952 | |0 0 |1 0 |3 erb |4 0 |6 005_369000000000000_MOR_2008 |7 0 |8 A |9 469368 |a BIBGIM |b BIBGIM |i 516608K |o 005.369 MOR 2008 |p 516608K |r 2025-01-15 |w 2019-11-23 |y BK |z Catalogado en:20150703 |k COM | ||